[Event "MSR2018s4"]
[Site "?"]
[Date "2018.04.26"]
[Round "8.11"]
[White "Szczygel, Viktor"]
[Black "Sun, Martin"]
[Result "0-1"]
[BlackElo "1000"]
[WhiteElo "1000"]
[LiveChessVersion "1.4.8"]

1. e4 {[%clk 1:30:55]} e5 {[%clk 1:30:53]} 2. Nf3 {[%clk 1:31:15]} Nc6
{[%clk 1:30:58]} 3. Nc3 {[%clk 1:31:28]} Nf6 {[%clk 1:31:05]} 4. Bc4
{[%clk 1:31:39]} Bc5 {[%clk 1:31:17]} 5. d3 {[%clk 1:31:53]} h6 {[%clk 1:31:06]}
6. h3 {[%clk 1:31:56]} d6 7. O-O Be6 {[%clk 1:29:38]} 8. Bxe6 {[%clk 1:30:44]}
fxe6 {[%clk 1:29:36]} 9. b3 {[%clk 1:30:29]} Nd4 {[%clk 1:29:38]} 10. Bb2
{[%clk 1:26:33]} Nxf3+ {[%clk 1:28:11]} 11. Qxf3 {[%clk 1:26:28]} Bd4
{[%clk 1:27:59]} 12. Na4 {[%clk 1:24:45]} Bxb2 {[%clk 1:27:44]} 13. Nxb2
{[%clk 1:24:39]} Qd7 {[%clk 1:27:44]} 14. Nc4 {[%clk 1:21:22]} O-O-O
{[%clk 1:22:46]} 15. Rfe1 {[%clk 1:21:22]} Rhf8 {[%clk 1:20:51]} 16. Ne3
{[%clk 1:20:15]} Rf7 {[%clk 1:20:00]} 17. Ng4 {[%clk 1:19:36]} Rdf8
{[%clk 1:19:34]} 18. Qe3 {[%clk 1:19:39]} Nxg4 19. Qxa7 c6 {[%clk 1:17:36]} 20.
Qa8+ {[%clk 1:19:18]} Kc7 {[%clk 1:17:42]} 21. Qa5+ {[%clk 1:18:56]} Kb8
{[%clk 1:16:23]} 22. f3 {[%clk 1:18:51]} Nf6 {[%clk 1:14:02]} 23. Red1
{[%clk 1:18:35]} Qc7 {[%clk 1:13:30]} 24. Qa4 {[%clk 1:13:46]} c5
{[%clk 1:08:46]} 25. c3 {[%clk 1:13:37]} Qc6 {[%clk 1:08:55]} 26. Qa5
{[%clk 1:13:17]} b6 {[%clk 1:08:36]} 27. Qa6 {[%clk 1:13:13]} d5 28. d4
{[%clk 1:11:52]} Rc8 {[%clk 1:04:10]} 29. dxc5 {[%clk 1:09:17]} bxc5
{[%clk 1:04:02]} 30. c4 {[%clk 1:08:46]} Qxa6 {[%clk 1:04:01]} 31. cxd5
{[%clk 1:07:57]} exd5 {[%clk 1:04:55]} 32. exd5 {[%clk 1:07:58]} Rd7
{[%clk 1:04:04]} 33. Rd2 {[%clk 1:02:57]} Rxd5 {[%clk 1:04:04]} 34. Rxd5
{[%clk 1:02:06]} Nxd5 {[%clk 1:02:22]} 35. Rd1 Nc3 {[%clk 1:01:51]} 36. Rd7
{[%clk 1:00:34]} Nxa2 {[%clk 1:02:00]} 37. Rxg7 {[%clk 1:00:14]} Qf6
{[%clk 1:01:14]} 38. Rg4 {[%clk 0:56:23]} Qe6 {[%clk 1:00:43]} 39. Ra4
{[%clk 0:51:58]} Qxb3 {[%clk 0:58:06]} 40. Ra6 {[%clk 0:52:06]} c4
{[%clk 0:58:20]} 41. Rxh6 {[%clk 0:48:24]} c3 42. h4 {[%clk 0:48:53]} c2
{[%clk 0:57:36]} 43. h5 {[%clk 0:48:53]} c1=Q+ 44. Kh2 Qxh6 {[%clk 0:57:16]} 45.
g4 {[%clk 0:47:33]} Qxf3 {[%clk 0:57:22]} 46. Kg1 {[%clk 0:47:06]} Qxg4+
{[%clk 0:57:26]} 47. Kf1 {[%clk 0:47:12]} Qhxh5 {[%clk 0:57:34]} 48. Kf2
{[%clk 0:46:28]} Qf3+ 49. Kg1 Qg5+ 50. Kh2 Qfh5# {[%clk 0:55:23]} 0-1

[Event "MSR2018s4"]
[Site "?"]
[Date "2018.04.26"]
[Round "8.12"]
[White "Kriska, Alexander"]
[Black "Boba, Kristian"]
[Result "0-1"]
[BlackElo "1050"]
[WhiteElo "1000"]
[LiveChessVersion "1.4.8"]

1. e4 {[%clk 1:30:46]} e5 {[%clk 1:30:46]} 2. Nf3 Nc6 {[%clk 1:31:03]} 3. Bb5
{[%clk 1:30:33]} Nf6 {[%clk 1:28:40]} 4. d3 {[%clk 1:29:04]} Be7 {[%clk 1:27:38]}
5. O-O {[%clk 1:28:39]} O-O {[%clk 1:27:42]} 6. Re1 {[%clk 1:27:58]} Bc5
{[%clk 1:27:20]} 7. Be3 {[%clk 1:23:44]} Bxe3 {[%clk 1:25:54]} 8. fxe3
{[%clk 1:23:31]} Re8 {[%clk 1:25:50]} 9. Nc3 {[%clk 1:22:46]} a6 {[%clk 1:23:00]}
10. Ba4 {[%clk 1:22:42]} d6 {[%clk 1:21:49]} 11. Bxc6 {[%clk 1:16:55]} bxc6
{[%clk 1:21:43]} 12. h3 {[%clk 1:14:17]} Be6 {[%clk 1:19:10]} 13. d4
{[%clk 1:10:25]} Bc8 {[%clk 1:18:17]} 14. dxe5 {[%clk 1:08:49]} dxe5
{[%clk 1:18:11]} 15. Qxd8 {[%clk 1:07:57]} Rxd8 {[%clk 1:17:55]} 16. Rad1
{[%clk 1:06:23]} Re8 {[%clk 1:16:34]} 17. Rd2 {[%clk 0:59:28]} Bb7
{[%clk 1:15:47]} 18. Red1 {[%clk 0:59:16]} c5 {[%clk 1:14:55]} 19. Nd5
{[%clk 0:58:08]} Nxe4 {[%clk 1:13:57]} 20. Re2 {[%clk 0:43:42]} Ng3
{[%clk 1:13:20]} 21. Ree1 {[%clk 0:42:03]} Bxd5 {[%clk 1:10:44]} 22. Rxd5
{[%clk 0:34:27]} e4 {[%clk 1:09:50]} 23. Nd2 {[%clk 0:30:09]} Rad8
{[%clk 1:09:47]} 24. Rxd8 {[%clk 0:29:32]} Rxd8 {[%clk 1:09:39]} 25. Rd1
{[%clk 0:23:23]} Nf5 {[%clk 1:07:07]} 26. g4 {[%clk 0:21:30]} Nxe3
{[%clk 1:06:55]} 27. Re1 {[%clk 0:21:38]} Nxc2 {[%clk 1:07:05]} 28. Rd1
{[%clk 0:18:44]} e3 29. Nf3 {[%clk 0:18:40]} Rxd1+ {[%clk 1:06:57]} 30. Kg2
{[%clk 0:18:31]} e2 {[%clk 1:07:04]} 31. a3 {[%clk 0:18:11]} e1=Q
{[%clk 1:05:04]} 32. Nxe1 {[%clk 0:18:28]} Nxe1+ {[%clk 1:04:04]} 33. Kf2
{[%clk 0:18:28]} Nc2 {[%clk 1:04:09]} 34. Ke2 {[%clk 0:18:31]} Rd8
{[%clk 1:04:15]} 35. Kf1 {[%clk 0:18:28]} c4 {[%clk 1:04:11]} 36. Kf2
{[%clk 0:18:19]} Rd3 {[%clk 1:04:22]} 37. Ke2 {[%clk 0:18:31]} Rd6
{[%clk 1:04:27]} 38. Kf1 {[%clk 0:18:40]} Rc6 {[%clk 1:04:32]} 39. Kf2
{[%clk 0:18:43]} c3 {[%clk 1:04:29]} 40. bxc3 {[%clk 0:18:55]} Rxc3
{[%clk 1:03:48]} 41. Ke2 {[%clk 0:19:05]} Nxa3 {[%clk 1:03:51]} 42. Kd2
{[%clk 0:18:35]} Nb5 {[%clk 1:03:06]} 43. Kd1 {[%clk 0:11:46]} a5
{[%clk 1:03:26]} 44. Ke2 {[%clk 0:10:36]} a4 {[%clk 1:02:42]} 45. Kd2
{[%clk 0:07:17]} a3 {[%clk 1:02:43]} 46. Ke2 {[%clk 0:04:09]} a2 {[%clk 1:02:40]}
47. Kd2 {[%clk 0:30:51]} a1=Q {[%clk 1:33:04]} 48. Ke2 {[%clk 0:30:01]} Qa2+
{[%clk 1:33:18]} 49. Kd1 {[%clk 0:30:12]} Rg3 {[%clk 1:33:16]} 50. Ke1
{[%clk 0:30:08]} Rg1# {[%clk 1:33:13]} 0-1

[Event "MSR2018s4"]
[Site "?"]
[Date "2018.04.26"]
[Round "8.13"]
[White "Hudakova, Nina"]
[Black "Filipiak, Magdalena"]
[Result "0-1"]
[BlackElo "1186"]
[WhiteElo "1106"]
[LiveChessVersion "1.4.8"]

1. e4 {[%clk 1:29:55]} g6 {[%clk 1:30:47]} 2. Bc4 {[%clk 1:27:32]} Bg7
{[%clk 1:30:56]} 3. Nf3 {[%clk 1:26:15]} e6 {[%clk 1:30:40]} 4. Nc3
{[%clk 1:25:21]} c5 {[%clk 1:30:47]} 5. a3 {[%clk 1:21:37]} Nc6 {[%clk 1:30:56]}
6. d3 {[%clk 1:19:20]} Nf6 {[%clk 1:30:51]} 7. O-O {[%clk 1:18:29]} O-O
{[%clk 1:31:06]} 8. Bg5 {[%clk 1:17:08]} h6 {[%clk 1:29:59]} 9. Bf4
{[%clk 1:13:51]} d5 {[%clk 1:29:27]} 10. exd5 {[%clk 1:10:21]} exd5
{[%clk 1:29:24]} 11. Bb5 {[%clk 1:10:33]} g5 {[%clk 1:29:07]} 12. Be5
{[%clk 1:06:58]} Nxe5 {[%clk 1:29:05]} 13. Nxe5 {[%clk 1:07:04]} a6
{[%clk 1:24:36]} 14. Ba4 {[%clk 1:05:58]} b5 {[%clk 1:24:26]} 15. Bb3
{[%clk 1:06:14]} Re8 {[%clk 1:24:01]} 16. Re1 {[%clk 1:05:50]} Qd6
{[%clk 1:13:52]} 17. Qe2 {[%clk 1:03:40]} Ng4 {[%clk 1:10:50]} 18. Nxf7
{[%clk 1:01:17]} Qxh2+ {[%clk 1:10:59]} 19. Kf1 {[%clk 1:01:02]} Qh1# 0-1

[Event "MSR2018s4"]
[Site "?"]
[Date "2018.04.26"]
[Round "8.14"]
[White "Novomeska, Karin"]
[Black "Obrocnikova, Barbora"]
[Result "1-0"]
[BlackElo "1181"]
[WhiteElo "1217"]
[LiveChessVersion "1.4.8"]

1. d4 {[%clk 1:30:58]} d5 {[%clk 1:30:48]} 2. Nf3 {[%clk 1:31:22]} Nf6
{[%clk 1:30:33]} 3. c4 {[%clk 1:31:40]} dxc4 {[%clk 1:27:56]} 4. Nc3
{[%clk 1:31:08]} Bf5 {[%clk 1:27:10]} 5. e3 {[%clk 1:28:54]} Be6 {[%clk 1:25:04]}
6. Ne5 {[%clk 1:23:21]} Nc6 {[%clk 1:22:04]} 7. Nxc6 {[%clk 1:22:17]} bxc6
{[%clk 1:22:12]} 8. Qa4 {[%clk 1:21:38]} Qd7 {[%clk 1:21:05]} 9. Bxc4
{[%clk 1:20:28]} Bxc4 {[%clk 1:21:19]} 10. Qxc4 {[%clk 1:20:19]} e6
{[%clk 1:21:07]} 11. Bd2 {[%clk 1:15:55]} Bd6 {[%clk 1:20:04]} 12. Rc1
{[%clk 1:09:56]} a5 {[%clk 1:18:04]} 13. Na4 {[%clk 1:08:31]} O-O
{[%clk 1:09:24]} 14. Qxc6 {[%clk 1:08:39]} Qxc6 {[%clk 1:09:27]} 15. Rxc6
{[%clk 1:08:59]} Bb4 {[%clk 1:08:05]} 16. Rxc7 {[%clk 0:58:09]} Bxd2+
{[%clk 1:06:57]} 17. Kxd2 {[%clk 0:58:14]} Ne4+ {[%clk 1:07:02]} 18. Ke2
{[%clk 0:56:40]} Rac8 {[%clk 1:07:01]} 19. Rhc1 {[%clk 0:56:23]} Rxc7
{[%clk 1:06:41]} 20. Rxc7 {[%clk 0:56:47]} f6 {[%clk 1:05:30]} 21. f3
{[%clk 0:56:16]} Nd6 {[%clk 1:05:12]} 22. Rc6 {[%clk 0:55:24]} Rd8
{[%clk 1:04:19]} 23. Ra6 {[%clk 0:54:05]} Kf7 {[%clk 0:59:02]} 24. Rxa5
{[%clk 0:51:52]} Rc8 {[%clk 0:57:03]} 25. Nc3 {[%clk 0:51:39]} Nc4
{[%clk 0:57:13]} 26. Ra7+ {[%clk 0:51:50]} Kg6 {[%clk 0:57:28]} 27. b4
{[%clk 0:50:23]} Nxe3 {[%clk 0:56:13]} 28. Kxe3 {[%clk 0:49:33]} Rxc3+
{[%clk 0:56:23]} 29. Ke4 {[%clk 0:48:58]} Rc2 {[%clk 0:56:05]} 30. a4 Rxg2
{[%clk 0:56:05]} 31. b5 {[%clk 0:48:12]} Re2+ {[%clk 0:55:28]} 32. Kd3
{[%clk 0:48:27]} Rb2 {[%clk 0:55:30]} 33. Ra6 {[%clk 0:47:05]} Ra2
{[%clk 0:55:16]} 34. b6 {[%clk 0:47:13]} Rb2 {[%clk 0:55:17]} 35. a5
{[%clk 0:46:53]} Kf5 {[%clk 0:55:23]} 36. Ra7 {[%clk 0:45:56]} Kf4
{[%clk 0:55:20]} 37. b7 {[%clk 0:45:29]} Kxf3 {[%clk 0:55:18]} 38. a6
{[%clk 0:45:33]} Kg2 {[%clk 0:54:30]} 39. Ra8 {[%clk 0:45:40]} Kxh2
{[%clk 0:54:43]} 40. b8=Q+ {[%clk 0:45:51]} Rxb8 {[%clk 0:55:03]} 41. Rxb8
{[%clk 0:46:17]} g5 {[%clk 0:55:14]} 42. a7 {[%clk 0:46:26]} g4 {[%clk 0:55:28]}
43. Rb2+ {[%clk 0:46:44]} Kh1 {[%clk 0:55:31]} 44. a8=Q+ {[%clk 0:47:06]} Kg1
{[%clk 0:55:31]} 45. Qg2# {[%clk 0:47:02]} 1-0

[Event "MSR2018s4"]
[Site "?"]
[Date "2018.04.26"]
[Round "8.15"]
[White "Knapova, Nicol"]
[Black "Horvathova, Hana"]
[Result "0-1"]
[BlackElo "1467"]
[WhiteElo "1000"]
[LiveChessVersion "1.4.8"]

1. e4 {[%clk 1:30:59]} e5 {[%clk 1:30:51]} 2. Nf3 {[%clk 1:31:26]} Nc6
{[%clk 1:31:11]} 3. Bc4 {[%clk 1:31:45]} Bc5 {[%clk 1:31:29]} 4. Nc3
{[%clk 1:32:01]} Nf6 5. d3 Na5 {[%clk 1:24:36]} 6. Nxe5 {[%clk 1:31:52]} d6
{[%clk 1:24:29]} 7. Nf3 {[%clk 1:32:06]} Nxc4 {[%clk 1:23:53]} 8. dxc4
{[%clk 1:32:24]} O-O {[%clk 1:23:50]} 9. Bg5 {[%clk 1:32:42]} c6 {[%clk 1:23:12]}
10. a3 {[%clk 1:27:07]} Be6 11. b3 Re8 {[%clk 1:21:12]} 12. e5 {[%clk 1:26:49]}
dxe5 {[%clk 1:20:09]} 13. Qxd8 {[%clk 1:26:33]} Rexd8 {[%clk 1:20:18]} 14. Nxe5
{[%clk 1:26:07]} Bd4 {[%clk 1:12:41]} 15. Bd2 {[%clk 1:22:41]} Bxe5
{[%clk 1:11:43]} 16. Rd1 {[%clk 1:22:07]} Bxc3 {[%clk 1:11:55]} 17. Bxc3
{[%clk 1:22:24]} Rxd1+ {[%clk 1:12:20]} 18. Kxd1 {[%clk 1:22:37]} Rd8+
{[%clk 1:12:34]} 19. Kc1 {[%clk 1:22:36]} Ne4 {[%clk 1:12:11]} 20. Be1
{[%clk 1:22:19]} Rc8 {[%clk 1:08:01]} 21. f3 {[%clk 1:22:35]} Nf6
{[%clk 1:08:18]} 22. Bc3 {[%clk 1:22:51]} b5 {[%clk 1:08:15]} 23. c5
{[%clk 1:23:04]} Nd5 {[%clk 1:06:01]} 24. Bb2 {[%clk 1:22:35]} g6
{[%clk 1:04:09]} 25. g4 {[%clk 1:22:19]} Nf4 {[%clk 1:02:26]} 26. h4
{[%clk 1:21:14]} Rd8 {[%clk 0:52:39]} 27. h5 {[%clk 1:21:03]} g5 {[%clk 0:48:51]}
28. Bf6 {[%clk 1:20:48]} Rd5 {[%clk 0:48:51]} 29. b4 {[%clk 1:19:32]} h6
{[%clk 0:48:37]} 30. Re1 {[%clk 1:17:04]} a6 {[%clk 0:38:49]} 31. Re4
{[%clk 1:15:21]} Kf8 {[%clk 0:37:00]} 32. Kb2 {[%clk 1:14:35]} Rd7
{[%clk 0:35:29]} 33. Kc3 {[%clk 1:12:22]} Nd5+ {[%clk 0:35:36]} 34. Kb2
{[%clk 1:12:03]} Nxf6 {[%clk 0:33:49]} 35. Re1 {[%clk 1:12:07]} Re7
{[%clk 0:32:11]} 36. Rd1 {[%clk 1:12:06]} Rd7 {[%clk 0:32:15]} 37. Re1
{[%clk 1:11:53]} Rd5 {[%clk 0:29:24]} 38. Re3 {[%clk 1:11:29]} Ke7
{[%clk 0:28:40]} 0-1

[Event "MSR2018s4"]
[Site "?"]
[Date "2018.04.26"]
[Round "8.16"]
[White "Sekova, Olivia"]
[Black "Mrmusova, Magdalena"]
[Result "0-1"]
[BlackElo "1132"]
[WhiteElo "1043"]
[LiveChessVersion "1.4.8"]

1. e4 {[%clk 1:30:56]} d6 {[%clk 1:30:55]} 2. d4 {[%clk 1:30:31]} Nf6
{[%clk 1:31:07]} 3. Nc3 {[%clk 1:30:00]} g6 {[%clk 1:31:23]} 4. Bg5
{[%clk 1:29:15]} Bg7 {[%clk 1:31:30]} 5. Nf3 {[%clk 1:28:11]} O-O
{[%clk 1:31:33]} 6. Bc4 {[%clk 1:27:04]} Bg4 {[%clk 1:31:35]} 7. Qd3
{[%clk 1:25:38]} Nc6 {[%clk 1:28:25]} 8. a3 {[%clk 1:24:15]} Bxf3
{[%clk 1:28:10]} 9. gxf3 {[%clk 1:23:20]} Qd7 {[%clk 1:25:53]} 10. O-O-O
{[%clk 1:22:25]} a6 {[%clk 1:25:15]} 11. Bxf6 {[%clk 1:20:24]} Bxf6
{[%clk 1:24:58]} 12. Nd5 {[%clk 1:17:24]} Bg7 {[%clk 1:23:01]} 13. f4
{[%clk 1:14:54]} e6 {[%clk 1:20:48]} 14. Nc3 {[%clk 1:13:40]} b5 {[%clk 1:20:29]}
15. Bb3 {[%clk 1:11:59]} Nxd4 {[%clk 1:20:07]} 16. Rhe1 {[%clk 1:08:40]} c5
{[%clk 1:19:23]} 17. Ba2 {[%clk 1:08:18]} c4 {[%clk 1:18:54]} 18. Qh3
{[%clk 1:08:00]} Rac8 {[%clk 1:15:51]} 19. Nd5 {[%clk 1:06:40]} Qd8
{[%clk 1:12:48]} 20. c3 {[%clk 1:04:01]} exd5 {[%clk 1:10:04]} 21. cxd4
{[%clk 1:04:12]} Qf6 {[%clk 1:08:05]} 22. exd5 Qxf4+ {[%clk 1:06:29]} 23. Qe3
{[%clk 1:03:25]} Qh4 {[%clk 1:05:52]} 24. h3 {[%clk 1:03:13]} Bh6
{[%clk 1:06:16]} 25. Qxh6 {[%clk 1:02:31]} 0-1

[Event "MSR2018s4"]
[Site "?"]
[Date "2018.04.26"]
[Round "8.17"]
[White "Petrus, Daniel"]
[Black "Earle, Dominic James"]
[Result "1/2-1/2"]
[WhiteElo "1122"]
[BlackElo "1273"]
[PlyCount "45"]
[EventDate "2018.??.??"]
[WhiteClock "0:54:59"]
[BlackClock "1:01:22"]

1. e4 d6 2. d4 Nf6 3. Nc3 g6 4. Nf3 Bg7 5. Bc4 O-O 6. O-O c6 7. Re1 b5 8. Bd3
b4 9. Ne2 c5 10. c3 Bb7 11. Ng3 Nbd7 12. Bd2 Qb6 13. Qb3 a5 14. Rab1 Rfc8 15.
a3 a4 16. Qd1 c4 17. Bf1 b3 18. d5 Ng4 19. Qe2 Nde5 20. Nxe5 Nxe5 21. Qe3 Qd8
22. f4 Bh6 23. Qd4 1/2-1/2

[Event "MSR2018s4"]
[Site "?"]
[Date "2018.04.26"]
[Round "8.18"]
[White "Elias, David"]
[Black "Cerven, Samuel"]
[Result "1-0"]
[BlackElo "1270"]
[WhiteElo "1608"]
[LiveChessVersion "1.4.8"]

1. d4 {[%clk 1:30:42]} d5 {[%clk 1:30:56]} 2. Nf3 {[%clk 1:29:19]} Nf6
{[%clk 1:31:18]} 3. e3 {[%clk 1:29:31]} Bf5 {[%clk 1:30:48]} 4. Bd3
{[%clk 1:28:56]} Bg6 {[%clk 1:30:51]} 5. Qe2 {[%clk 1:28:03]} e6 {[%clk 1:29:59]}
6. Nbd2 {[%clk 1:27:25]} Bd6 {[%clk 1:30:09]} 7. e4 {[%clk 1:24:46]} dxe4
{[%clk 1:27:44]} 8. Nxe4 {[%clk 1:25:02]} Nxe4 {[%clk 1:28:04]} 9. Bxe4
{[%clk 1:25:21]} Bxe4 {[%clk 1:27:50]} 10. Qxe4 {[%clk 1:25:31]} c6
{[%clk 1:28:05]} 11. O-O {[%clk 1:25:36]} O-O {[%clk 1:28:08]} 12. Re1
{[%clk 1:21:08]} Nd7 {[%clk 1:28:25]} 13. Ng5 {[%clk 1:20:28]} Nf6
{[%clk 1:28:19]} 14. Qe2 {[%clk 1:17:54]} Qc7 {[%clk 1:27:47]} 15. h3
{[%clk 1:17:27]} Rfe8 {[%clk 1:24:59]} 16. Nf3 {[%clk 1:14:59]} Rad8
{[%clk 1:24:38]} 17. c3 {[%clk 1:14:28]} Nd7 {[%clk 1:20:02]} 18. Ne5
{[%clk 1:11:43]} Nf8 {[%clk 1:19:33]} 19. Bd2 {[%clk 1:08:13]} f6
{[%clk 1:16:42]} 20. Nf3 {[%clk 1:05:40]} b6 {[%clk 1:09:56]} 21. Rad1
{[%clk 1:05:05]} Qf7 {[%clk 1:08:36]} 22. Qc4 {[%clk 1:04:10]} c5
{[%clk 1:08:20]} 23. dxc5 {[%clk 1:03:04]} Bxc5 {[%clk 1:08:43]} 24. Bf4
{[%clk 1:02:01]} Rc8 {[%clk 1:08:54]} 25. Qa4 {[%clk 0:59:44]} Ng6
{[%clk 1:07:26]} 26. Bd6 {[%clk 0:56:55]} Bxd6 {[%clk 1:06:32]} 27. Rxd6
{[%clk 0:55:32]} e5 {[%clk 1:06:04]} 28. Rd7 {[%clk 0:52:55]} Re7
{[%clk 1:05:32]} 29. Red1 {[%clk 0:52:50]} Nf8 {[%clk 1:04:05]} 30. Rd8
{[%clk 0:52:07]} Re8 {[%clk 1:04:28]} 31. Rxc8 {[%clk 0:50:52]} Rxc8
{[%clk 1:04:51]} 32. a3 {[%clk 0:49:17]} Ng6 {[%clk 1:04:59]} 33. Rd7
{[%clk 0:45:24]} Qe8 {[%clk 1:04:12]} 34. Qxa7 {[%clk 0:44:19]} Rb8
{[%clk 1:04:07]} 35. Rxg7+ {[%clk 0:44:29]} Kf8 {[%clk 1:04:18]} 36. Rxh7
{[%clk 0:44:32]} Qd8 1-0

[Event "MSR2018s4"]
[Site "?"]
[Date "2018.04.26"]
[Round "8.19"]
[White "Cizmar, Tomas"]
[Black "Vargosko, Juraj"]
[Result "0-1"]
[BlackElo "1504"]
[WhiteElo "1447"]
[LiveChessVersion "1.4.8"]

1. e4 {[%clk 1:30:59]} e5 {[%clk 1:30:53]} 2. Nf3 {[%clk 1:31:16]} Nc6
{[%clk 1:30:48]} 3. d4 {[%clk 1:31:14]} exd4 {[%clk 1:28:28]} 4. Nxd4
{[%clk 1:30:18]} Bc5 {[%clk 1:27:11]} 5. Be3 {[%clk 1:30:08]} Bb6
{[%clk 1:27:03]} 6. Nxc6 {[%clk 1:28:49]} bxc6 {[%clk 1:27:19]} 7. Bxb6
{[%clk 1:29:07]} axb6 {[%clk 1:27:02]} 8. Nc3 {[%clk 1:29:09]} Ne7
{[%clk 1:27:13]} 9. Qf3 {[%clk 1:27:06]} O-O {[%clk 1:20:25]} 10. Bd3
{[%clk 1:25:00]} Ba6 {[%clk 1:20:25]} 11. Bxa6 {[%clk 1:25:10]} Rxa6
{[%clk 1:20:00]} 12. O-O {[%clk 1:25:29]} Ra8 {[%clk 1:17:12]} 13. Rad1
{[%clk 1:25:06]} f5 {[%clk 1:14:31]} 14. Rfe1 {[%clk 1:24:16]} fxe4
{[%clk 1:13:56]} 15. Qxe4 {[%clk 1:24:16]} Nc8 {[%clk 1:13:00]} 16. Nb5
{[%clk 1:15:13]} Ra5 {[%clk 1:07:22]} 17. Nd4 {[%clk 1:10:58]} Qf6
{[%clk 1:06:05]} 18. Nf3 {[%clk 0:57:33]} Rd8 {[%clk 0:52:31]} 19. Rxd7
{[%clk 0:52:11]} Rf8 {[%clk 0:36:26]} 20. Rxc7 {[%clk 0:48:06]} Nd6
{[%clk 0:35:18]} 21. Qxc6 {[%clk 0:46:02]} Rg5 {[%clk 0:31:49]} 22. Qxb6
{[%clk 0:44:19]} Qxf3 {[%clk 0:31:40]} 23. g3 {[%clk 0:39:54]} Rgf5
{[%clk 0:30:57]} 24. Rf1 {[%clk 0:33:19]} Ne4 {[%clk 0:28:38]} 25. Qd4
{[%clk 0:32:50]} R5f6 {[%clk 0:26:34]} 26. Qd7 {[%clk 0:32:15]} R6f7
{[%clk 0:25:42]} 0-1

[Event "MSR2018s4"]
[Site "?"]
[Date "2018.04.26"]
[Round "8.20"]
[White "Visvader, Kristof"]
[Black "Tokarcik, Jan"]
[Result "1-0"]
[BlackElo "1343"]
[WhiteElo "1252"]
[LiveChessVersion "1.4.8"]

1. e4 {[%clk 1:30:58]} d6 {[%clk 1:30:38]} 2. d4 {[%clk 1:31:22]} Nf6
{[%clk 1:30:37]} 3. Nc3 {[%clk 1:31:45]} g6 {[%clk 1:30:10]} 4. Be3
{[%clk 1:31:59]} Bg7 {[%clk 1:29:56]} 5. Qd2 {[%clk 1:32:12]} c6 {[%clk 1:28:20]}
6. Bh6 {[%clk 1:32:26]} O-O {[%clk 1:27:43]} 7. h4 {[%clk 1:32:06]} b5
{[%clk 1:25:54]} 8. f3 {[%clk 1:32:24]} Qb6 {[%clk 1:25:19]} 9. g4
{[%clk 1:31:36]} Bxg4 {[%clk 1:24:46]} 10. fxg4 {[%clk 1:31:37]} Nxg4
{[%clk 1:23:41]} 11. Bxg7 {[%clk 1:31:00]} Kxg7 {[%clk 1:24:03]} 12. O-O-O
{[%clk 1:29:30]} b4 {[%clk 1:22:56]} 13. Nb1 {[%clk 1:28:08]} a5 {[%clk 1:20:53]}
14. h5 {[%clk 1:27:19]} a4 {[%clk 1:15:54]} 15. hxg6 {[%clk 1:27:24]} fxg6
{[%clk 1:13:13]} 16. Qg5 {[%clk 1:26:27]} b3 {[%clk 1:12:02]} 17. Qxe7+
{[%clk 1:26:07]} Rf7 {[%clk 1:11:32]} 18. Rxh7+ {[%clk 1:26:26]} Kxh7
{[%clk 1:11:54]} 19. Qxf7+ {[%clk 1:26:48]} Kh6 {[%clk 1:10:58]} 20. Qf4+
{[%clk 1:26:28]} Kg7 {[%clk 1:11:12]} 21. cxb3 {[%clk 1:26:33]} axb3
{[%clk 1:10:55]} 22. a3 {[%clk 1:26:41]} c5 {[%clk 1:06:21]} 23. d5
{[%clk 1:25:55]} Nf6 {[%clk 1:06:16]} 24. Nf3 {[%clk 1:25:20]} Ra4
{[%clk 1:05:58]} 25. Nc3 {[%clk 1:21:12]} 1-0

[Event "MSR2018s4"]
[Site "?"]
[Date "2018.04.26"]
[Round "8.21"]
[White "Paholok, Adam"]
[Black "Balusik, Branislav"]
[Result "1-0"]
[BlackElo "1161"]
[WhiteElo "1535"]
[LiveChessVersion "1.4.8"]

1. d4 {[%clk 1:30:55]} d5 {[%clk 1:30:57]} 2. c4 {[%clk 1:31:16]} dxc4
{[%clk 1:31:15]} 3. e4 {[%clk 1:31:34]} b5 {[%clk 1:30:42]} 4. Nc3
{[%clk 1:31:16]} a6 {[%clk 1:29:33]} 5. Bf4 {[%clk 1:29:10]} Bb7 {[%clk 1:26:57]}
6. Qc2 {[%clk 1:25:21]} Nd7 {[%clk 1:24:51]} 7. g3 {[%clk 1:25:14]} Ngf6
{[%clk 1:23:49]} 8. Bg2 {[%clk 1:25:22]} e6 {[%clk 1:22:29]} 9. Nge2
{[%clk 1:24:42]} Be7 {[%clk 1:22:25]} 10. O-O {[%clk 1:24:54]} O-O
{[%clk 1:22:44]} 11. Rad1 {[%clk 1:24:51]} Nb6 {[%clk 1:22:01]} 12. Rfe1
{[%clk 1:24:53]} Re8 13. Be3 Qd7 {[%clk 1:17:17]} 14. e5 {[%clk 1:23:31]} Nfd5
15. Be4 {[%clk 1:20:45]} g6 {[%clk 1:15:48]} 16. Bh6 {[%clk 1:20:21]} Rab8
{[%clk 1:15:32]} 17. Bg2 {[%clk 1:19:54]} Nxc3 {[%clk 1:15:27]} 18. Nxc3
{[%clk 1:19:50]} Bxg2 {[%clk 1:15:41]} 19. Kxg2 {[%clk 1:20:09]} Qc6+
{[%clk 1:15:39]} 20. Kg1 {[%clk 1:20:16]} a5 {[%clk 1:15:14]} 21. Qd2
{[%clk 1:19:08]} Rbd8 {[%clk 1:15:02]} 22. Ne2 {[%clk 1:19:06]} Bb4
{[%clk 1:13:21]} 23. Qg5 {[%clk 1:16:48]} Be7 {[%clk 1:10:17]} 24. Qf4
{[%clk 1:16:02]} Nd5 {[%clk 1:09:17]} 25. Qf3 {[%clk 1:15:00]} Bf8
{[%clk 1:08:02]} 26. Be3 {[%clk 1:06:11]} Bb4 {[%clk 1:07:15]} 27. Rf1
{[%clk 1:05:23]} Re7 {[%clk 1:05:36]} 28. Bg5 {[%clk 1:04:14]} Red7
{[%clk 1:02:36]} 29. Bxd8 {[%clk 1:03:36]} Rxd8 {[%clk 1:03:05]} 30. Nf4
{[%clk 1:03:22]} Be7 {[%clk 1:00:04]} 31. h4 {[%clk 1:00:21]} Qb6
{[%clk 0:59:56]} 32. Ne2 {[%clk 0:59:13]} b4 {[%clk 0:57:37]} 33. Rc1
{[%clk 0:55:25]} c3 {[%clk 0:56:09]} 34. b3 Qb5 {[%clk 0:55:22]} 35. Rb1
{[%clk 0:54:39]} a4 {[%clk 0:55:08]} 36. Rfc1 {[%clk 0:52:20]} axb3
{[%clk 0:52:43]} 37. Rxb3 {[%clk 0:51:32]} Ra8 {[%clk 0:52:36]} 38. Nxc3
{[%clk 0:50:42]} Qa5 {[%clk 0:51:50]} 39. Nxd5 {[%clk 0:49:29]} exd5
{[%clk 0:51:51]} 40. Rc2 {[%clk 0:46:50]} Kg7 {[%clk 0:49:50]} 41. Qg4
{[%clk 0:42:46]} f5 {[%clk 0:46:02]} 42. exf6+ {[%clk 0:41:41]} Bxf6
{[%clk 0:46:07]} 43. Qd7+ {[%clk 0:41:19]} Kf8 {[%clk 0:45:47]} 44. Rxc7
{[%clk 0:40:16]} Kg8 {[%clk 0:45:13]} 45. Qf7+ {[%clk 0:40:12]} Kh8
{[%clk 0:45:13]} 46. Qxh7# 1-0